NFL Teams best Player Offense and Defense 2025 season - Statistics

General Stats
  • This quiz has been taken 228 times
  • The average score is 15 of 64
Answer Stats
Hint Answer % Correct
Vikings Offense Justin Jefferson
99%
Lions Offense Amon-Ra St. Brown
81%
Packers Offense Josh Jacobs
62%
Ravens Offense Lamar Jackson
53%
Bills Offense Josh Allen
51%
Bears Offense DJ Moore
48%
49ers Offense George Kittle
47%
Defense Micah Parsons
45%
Chiefs Offense Patrick Mahomes
44%
Defense Fred Warner
42%
Eagles Offense Saquon Barkley
42%
Cowboys Offense Ceedee Lamb
39%
Defense TJ Watt
38%
Defense Chris Jones
37%
Steelers Offense DK Metcalf
36%
Bengals Offense Ja'Marr Chase
36%
Dolphins Offense Tyreek Hill
35%
Falcons Offense Bijan Robinson
34%
Jets Offense Garrett Wilson
34%
Commanders Offense Jayden Daniels
34%
Buccaneers Offense Mike Evans
34%
Defense Myles Garrett
32%
Panthers Offense Bryce Young
31%
Patriots Offense Drake Maye
31%
Chargers Offense Justin Herbert
31%
Broncos Offense Bo Nix
29%
Giants Offense Malik Nabers
28%
Saints Offense Alvin Kamara
27%
Texans Offense CJ Stroud
25%
Colts Offense Jonathan Taylor
25%
Defense Sauce Gardner
25%
Defense Jalen Ramsey
23%
Defense Patrick Surtain II
21%
Defense Maxx Crosby
19%
Jaguars Offense Brian Thomas Jr
18%
Seahawks Offense Jaxon Smith-Njigba
18%
Defense Bobby Wagner
16%
Defense Demario Davis
16%
Defense Jalen Johnson
11%
Defense Aiden Hutchinson
10%
Cardinals Offense Trey Mcbride
10%
Defense Roquan Smith
7%
Defense Vita Vea
7%
Browns Offense Jerry Juedy
6%
Defense Andrew Van Ginkel
5%
Raiders Offense Brock Bowers
5%
Defense Christian Gonzalez
5%
Defense Derek Stingley Jr
5%
Defense Jaire Alexander
5%
Defense Jared Verse
5%
Defense Trey Hendrickson
5%
Defense Budda Baker
3%
Defense Derwin James Jr
3%
Defense Devon Witherspoon
3%
Defense Dexter Lawrence II
3%
defense Greg Rousseau
3%
Defense Josh Hines-Allen
2%
Rams Offense Puca Nacua
2%
Titans Offense Tony Pollard
2%
Defense Jadeveon Clowney
1%
Defense Jeffery Simmons
1%
Defense Jessie Bates III
1%
Defense Zack Baun
1%
Defense Zaire Franklin
1%
No matching quizzes found
Score Distribution
Percent of People with Each Score
Percentile by Number Answered
Your Score History
You have not taken this quiz